000 00513nam a2200181Ia 4500
003 LK-CoDNM
008 010623t1946 xxu||||| |||| 00| 1 sin d
040 _aLK-CoDNM
_dLK-CoDNM
_eLK-CoDNM
041 _asin
080 _a(x) 82.9
_bWIC
100 _aWickramasinghe, Martin
245 _aසිංහල සාහිත්‍යයේ නැඟීම
246 _aSinhala sahithyaye nengeema
260 _bTisara publications
_aDehiwala
_c1946
300 _b262, 21 cm
650 _aLiterature
942 _cBK
999 _c100983
_d100983